The WTO and agriculture (vol 2) / (Record no. 8960)
[ view plain ]
| 000 -LEADER | |
|---|---|
| fixed length control field | 00898nam a22001937a 4500 |
| 005 - DATE AND TIME OF LATEST TRANSACTION | |
| control field | 20220812132808.0 |
| 008 - FIXED-LENGTH DATA ELEMENTS--GENERAL INFORMATION | |
| fixed length control field | 220404b ||||| |||| 00| 0 eng d |
| 020 ## - INTERNATIONAL STANDARD BOOK NUMBER | |
| International Standard Book Number | 9781843762799 |
| 050 ## - LIBRARY OF CONGRESS CALL NUMBER | |
| Classification number | HD9000.6W765 |
| 245 ## - TITLE STATEMENT | |
| Title | The WTO and agriculture (vol 2) / |
| Statement of responsibility, etc. | edited by Kym Anderson and Tim Josling. |
| 260 ## - PUBLICATION, DISTRIBUTION, ETC. | |
| Place of publication, distribution, etc. | Cheltenham : |
| Name of publisher, distributor, etc. | Edward elgar publishing Inc., |
| Date of publication, distribution, etc. | 2005. |
| 300 ## - PHYSICAL DESCRIPTION | |
| Extent | x, 597p. : |
| Other physical details | ill. ; |
| Dimensions | 24cm |
| 490 ## - SERIES STATEMENT | |
| Materials specified | Critical perspectives on the global trading system and the WTO. |
| 500 ## - GENERAL NOTE | |
| General note | Includes bibliographical references and index. |
| 505 ## - FORMATTED CONTENTS NOTE | |
| Formatted contents note | Contents: The Growth of agricultural protectionism -- Domestic policies and international trade distortions -- Quantifying the effects of trade-distorting policies pre-uruguay round -- Gatt negotiations and agricultural policies pre-uruguay round. |
| 700 ## - ADDED ENTRY--PERSONAL NAME | |
| Personal name | Anderson, Kym. |
| 9 (RLIN) | 143 |
| 700 ## - ADDED ENTRY--PERSONAL NAME | |
| Personal name | Josling, Tim. |
| 9 (RLIN) | 144 |
| 942 ## - ADDED ENTRY ELEMENTS (KOHA) | |
| Source of classification or shelving scheme | Library of Congress Classification |
| Koha item type | Books |
| Withdrawn status | Lost status | Source of classification or shelving scheme | Damaged status | Not for loan | Home library | Current library | Shelving location | Date acquired | Full call number | Barcode | Date last seen | Copy number | Price effective from | Koha item type |
|---|---|---|---|---|---|---|---|---|---|---|---|---|---|---|
| Library of Congress Classification | WISCONSIN INTERNATIONAL UNIVERSITY COLLEGE, GHANA - MAIN LIBRARY | WISCONSIN INTERNATIONAL UNIVERSITY COLLEGE, GHANA - MAIN LIBRARY | Reference | 04/04/2022 | HD9000.6.W765(vol 2) | 9179/628/22 | 04/04/2022 | 1 | 04/04/2022 | Books | ||||
| Library of Congress Classification | WISCONSIN INTERNATIONAL UNIVERSITY COLLEGE, GHANA - MAIN LIBRARY | WISCONSIN INTERNATIONAL UNIVERSITY COLLEGE, GHANA - MAIN LIBRARY | Reference | 04/04/2022 | HD9000.6.W7651(vol 2) | 9180/629/22 | 04/04/2022 | 2 | 04/04/2022 | Books |
